[Event "Bundesliga 9900"]
[Site "Deutschland"]
[Date "2000.02.19"]
[Round "10.8"]
[White "Thiel, Thomas"]
[Black "Breder, Dennis"]
[Result "1/2-1/2"]
[WhiteElo "2323"]
[BlackElo "2303"]
[PlyCount "82"]
[EventDate "1999.10.09"]
[EventType "team"]
[EventRounds "15"]
[EventCountry "GER"]
[SourceTitle "Bundesliga 9900"]
[Source "DeepChess"]
[SourceDate "2005.01.01"]
[SourceVersion "1"]
[SourceVersionDate "2005.01.01"]
[SourceQuality "1"]
[WhiteTeam "SV Wattenscheid 1930"]
[BlackTeam "Godesberger SK 1929"]
[WhiteTeamCountry "GER"]
[BlackTeamCountry "GER"]

1. e4 c5 2. Nf3 Nc6 3. Bb5 g6 4. c3 Nf6 5. e5 Nd5 6. O-O Bg7 7. d4 cxd4 8. cxd4
O-O 9. Nc3 Nxc3 10. bxc3 d6 11. exd6 Qxd6 12. a4 Rd8 13. Re1 Qc7 14. Bg5 Be6
15. Qc1 Na5 16. Bf4 Qc8 17. Qa3 Bf6 18. Be5 a6 19. Bf1 Qc6 20. Qb4 Nc4 21. Bxf6
exf6 22. Rxe6 fxe6 23. Qxc4 Qxc4 24. Bxc4 Rd6 25. Nd2 b6 26. d5 f5 27. Nf3 exd5
28. Rd1 Kg7 29. Rxd5 Rxd5 30. Bxd5 Rc8 31. c4 b5 32. axb5 axb5 33. Nd2 Rd8 34.
Nb3 Kf6 35. f4 h6 36. Kf2 g5 37. g3 bxc4 38. Bxc4 Rd1 39. Be2 Rh1 40. Kg2 Rb1
41. Nd4 gxf4 1/2-1/2

[Event "Bundesliga 9900"]
[Site "Deutschland"]
[Date "2000.02.19"]
[Round "10.2"]
[White "Kempinski, Robert"]
[Black "Slobodjan, Roman"]
[Result "1/2-1/2"]
[WhiteElo "2528"]
[BlackElo "2561"]
[PlyCount "111"]
[EventDate "1999.10.09"]
[EventType "team"]
[EventRounds "15"]
[EventCountry "GER"]
[SourceTitle "Bundesliga 9900"]
[Source "DeepChess"]
[SourceDate "2005.01.01"]
[SourceVersion "1"]
[SourceVersionDate "2005.01.01"]
[SourceQuality "1"]
[WhiteTeam "Hamburger SK 1830 e.V."]
[BlackTeam "USC Magdeburg"]
[WhiteTeamCountry "GER"]
[BlackTeamCountry "GER"]

1. d4 d5 2. Nf3 c6 3. c4 Nf6 4. Nc3 a6 5. e3 b5 6. b3 Bg4 7. Bd3 e6 8. a4 Bb4
9. Bd2 bxc4 10. bxc4 dxc4 11. Bxc4 c5 12. dxc5 Bxc5 13. h3 Bh5 14. a5 O-O 15.
Na4 Bd6 16. Nb6 Ra7 17. O-O Ne4 18. Be1 Nd7 19. Bd3 Ndc5 20. Be2 Qf6 21. Nd4
Bg6 22. Rc1 Rc7 23. Nc4 e5 24. Nxd6 Qxd6 25. Nf3 Qxd1 26. Rxd1 f6 27. Nh4 Bf7
28. f3 Ng5 29. Nf5 Rb8 30. h4 Nge6 31. Nd6 Bg6 32. Bc4 Bc2 33. Rd2 Bb3 34. Rb2
Kf8 35. f4 exf4 36. exf4 Rc6 37. Ne4 Rb7 38. Nxc5 Nxc5 39. Be2 Bd5 40. Rc2 Rb1
41. Bf2 Rxf1+ 42. Bxf1 Nb3 43. Rxc6 Bxc6 44. Bb6 Bb7 45. Bd3 h6 46. Bc4 Nd2 47.
Bc5+ Ke8 48. Be6 Ne4 49. Bb4 g5 50. fxg5 fxg5 51. h5 Nf6 52. Bf5 Be4 53. Bc8
Bd3 54. g4 Kd8 55. Be6 Be2 56. Bf8 1/2-1/2

[Event "Bundesliga 9900"]
[Site "Deutschland"]
[Date "2000.02.19"]
[Round "10.3"]
[White "Rogozenko, Dorian"]
[Black "Wahls, Matthias"]
[Result "1/2-1/2"]
[WhiteElo "2562"]
[BlackElo "2579"]
[PlyCount "49"]
[EventDate "1999.10.09"]
[EventType "team"]
[EventRounds "15"]
[EventCountry "GER"]
[SourceTitle "Bundesliga 9900"]
[Source "DeepChess"]
[SourceDate "2005.01.01"]
[SourceVersion "1"]
[SourceVersionDate "2005.01.01"]
[SourceQuality "1"]
[WhiteTeam "USC Magdeburg"]
[BlackTeam "Hamburger SK 1830 e.V."]
[WhiteTeamCountry "GER"]
[BlackTeamCountry "GER"]

1. c4 c5 2. Nf3 Nf6 3. Nc3 b6 4. g3 Bb7 5. Bg2 e6 6. O-O d6 7. Re1 Be7 8. e4
Nbd7 9. d4 cxd4 10. Nxd4 Qc7 11. Be3 Rc8 12. f4 Qb8 13. Qe2 Qa8 14. Bf2 O-O 15.
f5 e5 16. Nc2 g6 17. fxg6 hxg6 18. Bh3 Rcd8 19. b4 a6 20. Nd5 Nxd5 21. cxd5 Kg7
22. Ne3 Rh8 23. Bg2 Rc8 24. Nc4 Qb8 25. Rec1 1/2-1/2

[Event "Bundesliga 9900"]
[Site "Deutschland"]
[Date "2000.02.19"]
[Round "10.5"]
[White "Georgiev, Vladimir"]
[Black "Heinemann, Thies"]
[Result "1-0"]
[WhiteElo "2538"]
[BlackElo "2479"]
[PlyCount "119"]
[EventDate "1999.10.09"]
[EventType "team"]
[EventRounds "15"]
[EventCountry "GER"]
[SourceTitle "Bundesliga 9900"]
[Source "DeepChess"]
[SourceDate "2005.01.01"]
[SourceVersion "1"]
[SourceVersionDate "2005.01.01"]
[SourceQuality "1"]
[WhiteTeam "USC Magdeburg"]
[BlackTeam "Hamburger SK 1830 e.V."]
[WhiteTeamCountry "GER"]
[BlackTeamCountry "GER"]

1. d4 Nf6 2. c4 c5 3. d5 b5 4. Nf3 g6 5. Qc2 bxc4 6. e4 d6 7. Bxc4 Bg7 8. O-O
O-O 9. Nc3 Ba6 10. Nd2 Qc8 11. Rb1 Ng4 12. b3 f5 13. h3 Ne5 14. f4 Nxc4 15.
bxc4 Nd7 16. exf5 Rxf5 17. Nce4 Nb6 18. Ng3 Rf8 19. f5 Qe8 20. Rb3 Bc8 21. Bb2
gxf5 22. Bxg7 Kxg7 23. Qb2+ Kg8 24. Ne2 Rf6 25. Nf4 Qf7 26. a4 Nxa4 27. Qa1 Bd7
28. Rg3+ Kh8 29. Nf3 h6 30. Re1 Rg8 31. Rxe7 Qxe7 32. Ng6+ Rgxg6 33. Rxg6 Nb6
34. Rxf6 Kh7 35. Nh4 a5 36. Ng6 Qe3+ 37. Kh2 Qd4 38. Qxd4 cxd4 39. Nf4 Be8 40.
c5 Nc4 41. c6 Kg7 42. Re6 Kf7 43. Rxh6 Ke7 44. Re6+ Kf7 45. g4 fxg4 46. hxg4 d3
47. c7 Nb6 48. Nxd3 Nc8 49. Re3 Bd7 50. Kg3 a4 51. Nb2 Nb6 52. Rc3 Ke7 53. g5
Bc8 54. Rd3 Bb7 55. Kh4 Kd7 56. Nxa4 Nxa4 57. g6 Nc5 58. g7 Nxd3 59. g8=Q Ne5
60. Qd8# 1-0

[Event "Bundesliga 9900"]
[Site "Deutschland"]
[Date "2000.02.19"]
[Round "10.6"]
[White "Hansen, Sune Berg"]
[Black "Proehl, Holger"]
[Result "1/2-1/2"]
[WhiteElo "2551"]
[BlackElo "2389"]
[PlyCount "67"]
[EventDate "1999.10.09"]
[EventType "team"]
[EventRounds "15"]
[EventCountry "GER"]
[SourceTitle "Bundesliga 9900"]
[Source "DeepChess"]
[SourceDate "2005.01.01"]
[SourceVersion "1"]
[SourceVersionDate "2005.01.01"]
[SourceQuality "1"]
[WhiteTeam "Hamburger SK 1830 e.V."]
[BlackTeam "USC Magdeburg"]
[WhiteTeamCountry "GER"]
[BlackTeamCountry "GER"]

1. e4 e6 2. d4 d5 3. Nd2 c5 4. Ngf3 Nc6 5. exd5 exd5 6. Bb5 Bd6 7. dxc5 Bxc5 8.
O-O Nge7 9. Nb3 Bd6 10. Re1 O-O 11. Bg5 Bg4 12. Bh4 Qc7 13. Bg3 Rad8 14. Bd3
Ng6 15. c3 d4 16. Bxg6 hxg6 17. cxd4 Qb6 18. Re3 Bxg3 19. hxg3 Nxd4 20. Nbxd4
Bxf3 21. Qxf3 Rxd4 22. b3 Rd7 23. Rae1 Qf6 24. Qe4 Rfd8 25. Qg4 Qf5 26. Qa4 Rd2
27. Re8+ Rxe8 28. Rxe8+ Kh7 29. Qh4+ Qh5 30. Re7 Rxa2 31. Rxf7 Qxh4 32. gxh4 b5
33. g3 a5 34. Rb7 1/2-1/2

[Event "Bundesliga 9900"]
[Site "Deutschland"]
[Date "2000.02.19"]
[Round "10.7"]
[White "Stolz, Mike"]
[Black "Wilhelmi, Christian"]
[Result "0-1"]
[WhiteElo "2308"]
[BlackElo "2423"]
[PlyCount "67"]
[EventDate "1999.10.09"]
[EventType "team"]
[EventRounds "15"]
[EventCountry "GER"]
[SourceTitle "Bundesliga 9900"]
[Source "DeepChess"]
[SourceDate "2005.01.01"]
[SourceVersion "1"]
[SourceVersionDate "2005.01.01"]
[SourceQuality "1"]
[WhiteTeam "USC Magdeburg"]
[BlackTeam "Hamburger SK 1830 e.V."]
[WhiteTeamCountry "GER"]
[BlackTeamCountry "GER"]

1. e4 c5 2. c3 Nf6 3. e5 Nd5 4. d4 cxd4 5. Nf3 Nc6 6. cxd4 d6 7. Nc3 Nxc3 8.
bxc3 g6 9. e6 fxe6 10. h4 Qa5 11. h5 Bg7 12. Bd2 e5 13. c4 Qa3 14. d5 e4 15.
Ng5 Nd4 16. Rc1 Bf5 17. c5 Rc8 18. c6 bxc6 19. dxc6 h6 20. hxg6 hxg5 21. Rxh8+
Bxh8 22. Qh5 Bg7 23. Qh7 Kf8 24. Bc4 Be6 25. Rc3 Qb2 26. Bxe6 Nxe6 27. Rc1 Qe5
28. Bc3 Nd4 29. Qh3 e6 30. Bxd4 Qxd4 31. Qxe6 Rc7 32. Qb3 Qb6 33. Qe6 Qa5+ 34.
Kf1 $138 0-1

[Event "Bundesliga 9900"]
[Site "Deutschland"]
[Date "2000.02.19"]
[Round "10.8"]
[White "Reeh, Oliver"]
[Black "Markgraf, Alexander"]
[Result "1-0"]
[WhiteElo "2399"]
[BlackElo "2276"]
[PlyCount "103"]
[EventDate "1999.10.09"]
[EventType "team"]
[EventRounds "15"]
[EventCountry "GER"]
[SourceTitle "Bundesliga 9900"]
[Source "DeepChess"]
[SourceDate "2005.01.01"]
[SourceVersion "1"]
[SourceVersionDate "2005.01.01"]
[SourceQuality "1"]
[WhiteTeam "Hamburger SK 1830 e.V."]
[BlackTeam "USC Magdeburg"]
[WhiteTeamCountry "GER"]
[BlackTeamCountry "GER"]

1. e4 g6 2. d4 Bg7 3. c4 d6 4. Nc3 Nc6 5. Nge2 e5 6. Be3 Nh6 7. d5 Ne7 8. f3 f5
9. Qd2 Nf7 10. O-O-O O-O 11. Kb1 Bd7 12. Nc1 a6 13. Bd3 c5 14. dxc6 bxc6 15. h4
Be6 16. h5 d5 17. hxg6 hxg6 18. g4 fxe4 19. Qh2 Re8 20. cxd5 cxd5 21. Bxe4 Rb8
22. Qh7+ Kf8 23. Bc5 d4 24. Qxg6 Qa5 25. Rh7 Rxb2+ 26. Ka1 Reb8 27. Qxg7+ Ke8
28. Rh8+ Kd7 29. Rxb8 Rxb8 30. Bxd4 exd4 31. Qxd4+ Ke8 32. Qa4+ Qxa4 33. Nxa4
Ng5 34. Nc5 Nxe4 35. Nxe4 Rb4 36. Nd3 Rd4 37. Ndf2 Ra4 38. Rd2 Nd5 39. Rxd5
Bxd5 40. Nf6+ Kf7 41. Nxd5 Rd4 42. Nc3 Rd2 43. Nfe4 Rd3 44. Kb2 Kg6 45. f4 Rf3
46. f5+ Kg7 47. f6+ Kg6 48. g5 Rf5 49. Kb3 Re5 50. Kc4 Ra5 51. Nc5 Kxg5 52. f7
1-0

[Event "Bundesliga 9900"]
[Site "Deutschland"]
[Date "2000.02.19"]
[Round "10.5"]
[White "Poldauf, Dirk"]
[Black "Hansen, Lars Bo"]
[Result "0-1"]
[WhiteElo "2459"]
[BlackElo "2569"]
[PlyCount "68"]
[EventDate "1999.10.09"]
[EventType "team"]
[EventRounds "15"]
[EventCountry "GER"]
[SourceTitle "Bundesliga 9900"]
[Source "DeepChess"]
[SourceDate "2005.01.01"]
[SourceVersion "1"]
[SourceVersionDate "2005.01.01"]
[SourceQuality "1"]
[WhiteTeam "SF Neukoelln 03 e.V."]
[BlackTeam "Luebecker SV von 1873 "]
[WhiteTeamCountry "GER"]
[BlackTeamCountry "GER"]

1. c4 e6 2. g3 d5 3. Bg2 Nf6 4. Nf3 Be7 5. O-O O-O 6. d4 Nbd7 7. Qc2 c6 8. b3
b6 9. Nc3 Ba6 10. Rd1 dxc4 11. bxc4 Bxc4 12. Ne5 Nxe5 13. dxe5 Nd5 14. Bb2 b5
15. Ne4 Re8 16. Nd6 Bxd6 17. exd6 Qxd6 18. e4 Nb4 19. Qc3 Qf8 20. a3 Na6 21. a4
Nb4 22. Rd7 a5 23. Rad1 e5 24. Bh3 Rad8 25. f4 Rxd7 26. Rxd7 Rd8 27. fxe5 Rxd7
28. Bxd7 Qc5+ 29. Kg2 Nd3 30. Qd4 Qxd4 31. Bxd4 b4 32. Bxc6 b3 33. Bb5 b2 34.
Bxb2 Nxb2 0-1

[Event "Bundesliga 9900"]
[Site "Deutschland"]
[Date "2000.02.19"]
[Round "10.6"]
[White "Hector, Jonny"]
[Black "Hellsten, Johan"]
[Result "1-0"]
[WhiteElo "2515"]
[BlackElo "2464"]
[PlyCount "79"]
[EventDate "1999.10.09"]
[EventType "team"]
[EventRounds "15"]
[EventCountry "GER"]
[SourceTitle "Bundesliga 9900"]
[Source "DeepChess"]
[SourceDate "2005.01.01"]
[SourceVersion "1"]
[SourceVersionDate "2005.01.01"]
[SourceQuality "1"]
[WhiteTeam "Luebecker SV von 1873 "]
[BlackTeam "SF Neukoelln 03 e.V."]
[WhiteTeamCountry "GER"]
[BlackTeamCountry "GER"]

1. e4 c5 2. Nf3 e6 3. d4 cxd4 4. Nxd4 a6 5. Nc3 Qc7 6. Bd3 Nf6 7. Qe2 d6 8. f4
g6 9. Nf3 Bg7 10. O-O O-O 11. Kh1 Nc6 12. Be3 b5 13. Qe1 Bb7 14. a4 b4 15. Ne2
e5 16. Qh4 d5 17. fxe5 Nxe4 18. Bh6 Qe7 19. Qxe7 Nxe7 20. Bxg7 Kxg7 21. Ned4
Nc6 22. Nxc6 Bxc6 23. Nd4 Bb7 24. a5 Nc5 25. Rf6 Rae8 26. Rb6 Rxe5 27. Rxb4
Rfe8 28. Kg1 Re1+ 29. Rxe1 Rxe1+ 30. Kf2 Ra1 31. Nb3 Ra4 32. Rxa4 Nxa4 33. Ke3
Bc8 34. Kd4 Nxb2 35. Nc5 Nxd3 36. cxd3 Kf6 37. Kxd5 Ke7 38. Kc6 Kd8 39. d4 Bf5
40. Kd5 1-0

[Event "Bundesliga 9900"]
[Site "Deutschland"]
[Date "2000.02.19"]
[Round "10.7"]
[White "Polzin, Rainer"]
[Black "Mortensen, Erling"]
[Result "1/2-1/2"]
[WhiteElo "2464"]
[BlackElo "2447"]
[PlyCount "81"]
[EventDate "1999.10.09"]
[EventType "team"]
[EventRounds "15"]
[EventCountry "GER"]
[SourceTitle "Bundesliga 9900"]
[Source "DeepChess"]
[SourceDate "2005.01.01"]
[SourceVersion "1"]
[SourceVersionDate "2005.01.01"]
[SourceQuality "1"]
[WhiteTeam "SF Neukoelln 03 e.V."]
[BlackTeam "Luebecker SV von 1873 "]
[WhiteTeamCountry "GER"]
[BlackTeamCountry "GER"]

1. e4 c5 2. Nf3 e6 3. d4 cxd4 4. Nxd4 a6 5. Nc3 Qc7 6. Be2 b5 7. O-O Bb7 8. Re1
Nc6 9. Nxc6 dxc6 10. e5 Rd8 11. Bd3 c5 12. Qh5 c4 13. Be4 Bb4 14. Qg4 Ne7 15.
Bg5 h5 16. Qg3 Bxc3 17. bxc3 Bxe4 18. Rxe4 Nf5 19. Bxd8 Nxg3 20. Bxc7 Nxe4 21.
Rd1 Ke7 22. Ba5 Rc8 23. f3 Nc5 24. Rd6 g5 25. Bb4 Ke8 26. h4 gxh4 27. Rd4 a5
28. Bxa5 Nd7 29. Rxh4 Nxe5 30. Rxh5 Rc5 31. Rh8+ Kd7 32. Rd8+ Kc6 33. Rc8+ Kd5
34. Rd8+ Kc6 35. Kf2 Rd5 36. Rxd5 Kxd5 37. Ke3 Ng6 38. Bc7 e5 39. g3 f5 40. Bb8
Nf8 41. Bc7 1/2-1/2

[Event "Bundesliga 9900"]
[Site "Deutschland"]
[Date "2000.02.19"]
[Round "10.8"]
[White "Cladouras, Panagiotis"]
[Black "Schoene, Ralf"]
[Result "1/2-1/2"]
[WhiteElo "2339"]
[BlackElo "2385"]
[PlyCount "83"]
[EventDate "1999.10.09"]
[EventType "team"]
[EventRounds "15"]
[EventCountry "GER"]
[SourceTitle "Bundesliga 9900"]
[Source "DeepChess"]
[SourceDate "2005.01.01"]
[SourceVersion "1"]
[SourceVersionDate "2005.01.01"]
[SourceQuality "1"]
[WhiteTeam "Luebecker SV von 1873 "]
[BlackTeam "SF Neukoelln 03 e.V."]
[WhiteTeamCountry "GER"]
[BlackTeamCountry "GER"]

1. d4 Nf6 2. c4 c5 3. e3 g6 4. Nf3 Bg7 5. Be2 O-O 6. O-O cxd4 7. Nxd4 Nc6 8.
Nc3 d6 9. Nxc6 bxc6 10. Bf3 Bb7 11. Qa4 Nd7 12. Qc2 Qc7 13. Rd1 Rac8 14. Na4
Ne5 15. Be2 c5 16. Nc3 Bc6 17. Nd5 Qb7 18. f4 Bxd5 19. Rxd5 Nc6 20. Rd1 Rb8 21.
Qa4 Qc7 22. Bf3 Rfc8 23. Rb1 Rb6 24. a3 Qd7 25. Qc2 Rcb8 26. b4 a6 27. Qe4 Nd8
28. Bd2 Qe6 29. bxc5 Rxb1 30. Rxb1 Qxe4 31. Bxe4 Rxb1+ 32. Bxb1 dxc5 33. Be4 e6
34. Ba5 Bf6 35. Kf2 Be7 36. Ke2 Kf8 37. Kd3 Ke8 38. Kc2 Kd7 39. Kb3 f5 40. Bf3
Nc6 41. Bb6 Kd6 42. Ka4 1/2-1/2

[Event "Bundesliga 9900"]
[Site "Deutschland"]
[Date "2000.02.19"]
[Round "10.1"]
[White "Khenkin, Igor"]
[Black "Epishin, Vladimir"]
[Result "1/2-1/2"]
[WhiteElo "2622"]
[BlackElo "2667"]
[PlyCount "23"]
[EventDate "1999.10.09"]
[EventType "team"]
[EventRounds "15"]
[EventCountry "GER"]
[SourceTitle "Bundesliga 9900"]
[Source "DeepChess"]
[SourceDate "2005.01.01"]
[SourceVersion "1"]
[SourceVersionDate "2005.01.01"]
[SourceQuality "1"]
[WhiteTeam "TV Tegernsee"]
[BlackTeam "PSV Turm Duisburg 1920 e.V."]
[WhiteTeamCountry "GER"]
[BlackTeamCountry "GER"]

1. d4 Nf6 2. c4 e6 3. Nf3 b6 4. a3 Bb7 5. Nc3 d5 6. cxd5 Nxd5 7. e3 g6 8. Bd3
Bg7 9. Nxd5 exd5 10. b4 c6 11. O-O O-O 12. a4 1/2-1/2

[Event "Bundesliga 9900"]
[Site "Deutschland"]
[Date "2000.02.19"]
[Round "10.2"]
[White "Sax, Gyula"]
[Black "Beim, Valery"]
[Result "1-0"]
[WhiteElo "2609"]
[BlackElo "2563"]
[PlyCount "80"]
[EventDate "1999.10.09"]
[EventType "team"]
[EventRounds "15"]
[EventCountry "GER"]
[SourceTitle "Bundesliga 9900"]
[Source "DeepChess"]
[SourceDate "2005.01.01"]
[SourceVersion "1"]
[SourceVersionDate "2005.01.01"]
[SourceQuality "1"]
[WhiteTeam "PSV Turm Duisburg 1920 e.V."]
[BlackTeam "TV Tegernsee"]
[WhiteTeamCountry "GER"]
[BlackTeamCountry "GER"]

1. e4 d6 2. d4 g6 3. Nc3 Bg7 4. Bg5 Nd7 5. Qd2 a6 6. g3 h6 7. Be3 Ngf6 8. f3 b5
9. Nge2 Bb7 10. Bg2 c5 11. O-O cxd4 12. Nxd4 Nb6 13. b3 e5 14. Nde2 d5 15. f4
d4 16. fxe5 dxe3 17. Qxd8+ Rxd8 18. exf6 Bf8 19. Rad1 Rc8 20. e5 Bxg2 21. Kxg2
Nd7 22. Rd3 b4 23. Nd5 Nc5 24. Rxe3 Ne6 25. c4 Bc5 26. Rd3 g5 27. Rfd1 O-O 28.
Ne3 Kh7 29. Nf5 Kg6 30. g4 Rfe8 31. Kf3 h5 32. h3 hxg4+ 33. hxg4 Rh8 34. Kg2
Rce8 35. Rd5 Bf8 36. Rh1 Rxh1 37. Kxh1 Nc7 38. Ra5 Rd8 39. Ned4 Ne6 40. Rd5 Re8
1-0

[Event "Bundesliga 9900"]
[Site "Deutschland"]
[Date "2000.02.19"]
[Round "10.3"]
[White "Hertneck, Gerald"]
[Black "Unzicker, Wolfgang"]
[Result "0-1"]
[WhiteElo "2571"]
[BlackElo "2436"]
[PlyCount "64"]
[EventDate "1999.10.09"]
[EventType "team"]
[EventRounds "15"]
[EventCountry "GER"]
[SourceTitle "Bundesliga 9900"]
[Source "DeepChess"]
[SourceDate "2005.01.01"]
[SourceVersion "1"]
[SourceVersionDate "2005.01.01"]
[SourceQuality "1"]
[WhiteTeam "TV Tegernsee"]
[BlackTeam "PSV Turm Duisburg 1920 e.V."]
[WhiteTeamCountry "GER"]
[BlackTeamCountry "GER"]

1. c4 e6 2. Nf3 Nf6 3. g3 d5 4. b3 Be7 5. Bb2 O-O 6. Bg2 b6 7. cxd5 Nxd5 8. O-O
Bb7 9. d4 Nd7 10. Re1 N5f6 11. Nc3 c5 12. e4 cxd4 13. Nxd4 Ne5 14. Re2 Qb8 15.
Rd2 Rd8 16. Qe2 a6 17. Rc1 Qa7 18. Nd5 exd5 19. Nf5 Ng6 20. Nxe7+ Nxe7 21. Bxf6
gxf6 22. Rc7 Ng6 23. Rxd5 Rdc8 24. Rcd7 Rc1+ 25. Bf1 Qb8 26. Rf5 Bc6 27. Rd1
Rxd1 28. Qxd1 Kg7 29. Qc1 Bxe4 30. Rh5 Ne5 31. Qh6+ Kg8 32. Qxf6 Nf3+ 0-1

[Event "Bundesliga 9900"]
[Site "Deutschland"]
[Date "2000.02.19"]
[Round "10.4"]
[White "Kraut, Rainer"]
[Black "Teske, Henrik"]
[Result "1/2-1/2"]
[WhiteElo "2453"]
[BlackElo "2479"]
[PlyCount "38"]
[EventDate "1999.10.09"]
[EventType "team"]
[EventRounds "15"]
[EventCountry "GER"]
[SourceTitle "Bundesliga 9900"]
[Source "DeepChess"]
[SourceDate "2005.01.01"]
[SourceVersion "1"]
[SourceVersionDate "2005.01.01"]
[SourceQuality "1"]
[WhiteTeam "PSV Turm Duisburg 1920 e.V."]
[BlackTeam "TV Tegernsee"]
[WhiteTeamCountry "GER"]
[BlackTeamCountry "GER"]

1. e4 c5 2. Nf3 e6 3. c3 Nc6 4. d4 d5 5. exd5 exd5 6. Bb5 Bd6 7. Be3 c4 8. b3
cxb3 9. axb3 Nge7 10. O-O O-O 11. Re1 Qc7 12. Nbd2 Be6 13. Nf1 Nf5 14. Bd3 h6
15. Bd2 Rac8 16. Bb1 Rfe8 17. Ng3 Nxg3 18. hxg3 Bf8 19. Nh2 Qd7 1/2-1/2

[Event "Bundesliga 9900"]
[Site "Deutschland"]
[Date "2000.02.19"]
[Round "10.5"]
[White "Schmittdiel, Eckhard"]
[Black "Machelett, Heiko"]
[Result "1-0"]
[WhiteElo "2490"]
[BlackElo "2387"]
[PlyCount "141"]
[EventDate "1999.10.09"]
[EventType "team"]
[EventRounds "15"]
[EventCountry "GER"]
[SourceTitle "Bundesliga 9900"]
[Source "DeepChess"]
[SourceDate "2005.01.01"]
[SourceVersion "1"]
[SourceVersionDate "2005.01.01"]
[SourceQuality "1"]
[WhiteTeam "TV Tegernsee"]
[BlackTeam "PSV Turm Duisburg 1920 e.V."]
[WhiteTeamCountry "GER"]
[BlackTeamCountry "GER"]

1. e4 c5 2. c3 Nf6 3. e5 Nd5 4. d4 cxd4 5. Nf3 Nc6 6. Bc4 Nb6 7. Bb3 g6 8. Bf4
Bg7 9. O-O O-O 10. Re1 d6 11. exd6 exd6 12. Bg5 Qc7 13. Nxd4 Nxd4 14. cxd4 Bf5
15. Re7 Qc6 16. Nc3 Rae8 17. d5 Qc8 18. Qd2 Qb8 19. Rae1 Rxe7 20. Bxe7 Re8 21.
Nb5 Nc8 22. Bg5 Bd7 23. Rxe8+ Bxe8 24. Nc3 f6 25. Qe2 Bf7 26. Be3 a6 27. Qc4
Ne7 28. Bf4 g5 29. Bd2 h6 30. h3 Qd8 31. Qb4 Qd7 32. Be3 Nf5 33. Bb6 Qe7 34.
Qe4 Qe5 35. Qxe5 fxe5 36. Ne4 Ne7 37. Nxd6 Bxd5 38. Nxb7 e4 39. Nc5 Bxb3 40.
axb3 Nd5 41. Ba5 Bxb2 42. Nxe4 Bd4 43. Kf1 Kf7 44. Bd2 Ke6 45. Ke2 Bb6 46. Nc3
Nf6 47. Na4 Ba7 48. Be3 Bxe3 49. fxe3 Kd5 50. Kd3 a5 51. Nc3+ Kc5 52. e4 Nd7
53. Nd5 Ne5+ 54. Kc3 Ng6 55. g3 Ne5 56. Ne3 Nf3 57. Nc4 Nd4 58. Nxa5 Ne2+ 59.
Kd3 Nxg3 60. Nb7+ Kb6 61. Nd6 Nh5 62. e5 Kc6 63. Kc4 Nf4 64. b4 h5 65. Nf5 g4
66. h4 Kd7 67. b5 Ke6 68. b6 Nd5 69. b7 Nb6+ 70. Kd4 Nd7 71. Ng7+ 1-0

[Event "Bundesliga 9900"]
[Site "Deutschland"]
[Date "2000.02.19"]
[Round "10.6"]
[White "Zude, Arno"]
[Black "Pezerovic, Edin"]
[Result "0-1"]
[WhiteElo "2371"]
[BlackElo "2436"]
[PlyCount "128"]
[EventDate "1999.10.09"]
[EventType "team"]
[EventRounds "15"]
[EventCountry "GER"]
[SourceTitle "Bundesliga 9900"]
[Source "DeepChess"]
[SourceDate "2005.01.01"]
[SourceVersion "1"]
[SourceVersionDate "2005.01.01"]
[SourceQuality "1"]
[WhiteTeam "PSV Turm Duisburg 1920 e.V."]
[BlackTeam "TV Tegernsee"]
[WhiteTeamCountry "GER"]
[BlackTeamCountry "GER"]

1. e4 c6 2. d4 d5 3. exd5 cxd5 4. c4 Nf6 5. Nc3 e6 6. Nf3 Be7 7. cxd5 exd5 8.
Bb5+ Nbd7 9. O-O O-O 10. Re1 Nb6 11. Ne5 Bf5 12. Bg5 h6 13. Bh4 Ne4 14. Bxe7
Qxe7 15. Qb3 Nxc3 16. bxc3 Be6 17. Bd3 Qc7 18. Rac1 Rfe8 19. Bb1 Nd7 20. f4 Nf6
21. f5 Bd7 22. Bd3 Bc6 23. c4 Qd6 24. Nxc6 bxc6 25. cxd5 cxd5 26. Bb5 Rxe1+ 27.
Rxe1 Qf4 28. Qe3 Qxf5 29. h3 Rc8 30. Ba4 h5 31. Qe5 Qd3 32. Rd1 Qe4 33. Re1 Qd3
34. Rd1 Qc3 35. Qf4 Qc7 36. Qe5 Qb6 37. Qf4 Qc7 38. Qe5 Qb6 39. Qf4 Qb8 40. Qe5
Qb4 41. Bb3 Re8 42. Qf5 Qd6 43. Rc1 g6 44. Qf3 Ne4 45. Rf1 Re7 46. Qd3 Kg7 47.
Rc1 Ng3 48. Rd1 h4 49. Qf3 Re4 50. Bc2 Re2 51. Bb3 Qe6 52. Kh2 Re1 53. Qf4 Rxd1
54. Bxd1 Qe4 55. Qe5+ f6 56. Qc7+ Kh6 57. Bc2 Qxd4 58. Qf7 Ne4 59. Bb3 Qe5+ 60.
Kg1 Ng3 61. Qf8+ Kg5 62. Qb4 d4 63. Kh2 Ne2+ 64. Kh1 Qe3 0-1

[Event "Bundesliga 9900"]
[Site "Deutschland"]
[Date "2000.02.19"]
[Round "10.7"]
[White "Kachiani Gersinska, Ketino"]
[Black "Berg, Emanuel"]
[Result "0-1"]
[WhiteElo "2437"]
[BlackElo "2432"]
[PlyCount "84"]
[EventDate "1999.10.09"]
[EventType "team"]
[EventRounds "15"]
[EventCountry "GER"]
[SourceTitle "Bundesliga 9900"]
[Source "DeepChess"]
[SourceDate "2005.01.01"]
[SourceVersion "1"]
[SourceVersionDate "2005.01.01"]
[SourceQuality "1"]
[WhiteTeam "TV Tegernsee"]
[BlackTeam "PSV Turm Duisburg 1920 e.V."]
[WhiteTeamCountry "GER"]
[BlackTeamCountry "GER"]

1. d4 f5 2. g3 g6 3. Bg2 Nf6 4. c4 Bg7 5. Nc3 O-O 6. Nh3 Nc6 7. O-O d6 8. d5
Ne5 9. b3 c5 10. Qc2 a6 11. a4 b6 12. Bd2 Rb8 13. Rae1 Bd7 14. f4 Nf7 15. e4
fxe4 16. Nxe4 b5 17. axb5 axb5 18. Nhg5 bxc4 19. bxc4 Nxe4 20. Nxe4 Rb2 21. Qd3
Qb6 22. Nf2 Bf5 23. Be4 Nh6 24. Bc3 Bxc3 25. Qxc3 Qb4 26. Qc1 Qd2 27. Qxd2 Rxd2
28. Bxf5 Nxf5 29. g4 Nh4 30. Rxe7 Rxf4 31. Re8+ Kf7 32. Re4 Nf3+ 33. Kg2 Rxe4
34. Kxf3 Rxc4 35. Ne4 Rxe4 36. Kxe4+ Kg7 37. Ra1 Rd4+ 38. Ke3 Kf6 39. Ra7 h6
40. Rh7 Kg5 41. h4+ Kxh4 42. Rxh6+ Kg5 0-1